| 000 | 00466cab a22001695a 4500 | ||
|---|---|---|---|
| 001 | L158525 | ||
| 008 | 150413e2015 xxk 000 0 eng d | ||
| 035 | _a(Sirsi) u158525 | ||
| 041 | 0 | _aeng | |
| 100 | 1 | _aCapelhorn, Peter | |
| 245 | 0 | 4 | _aThe Digital Takeover |
| 490 |
_aRICS Building Control _vApril-May 2015, 6-7 (2) |
||
| 520 | _aTraces the technological progression to BIM. | ||
| 651 | 4 |
_aUnited Kingdom _y |
|
| 690 |
_aBuilding surveying _96225 |
||
| 942 | _n0 | ||
| 999 |
_c84619 _d84619 |
||